000 00602nam a2200181Ia 4500
008 090201s9999 xx 000 0 und d
010 _aKPL-50082
040 _bमराठी
041 _aमराठी
082 _a8174
082 _b50082
100 _aसुरेश रामदास पाठक
245 _aभारतीय शास्त्रज्ञ
_cसुरेश रामदास पाठक
260 _c2004
_bपरिमल प्रकाशन
300 _a99
_bमोठा
600 _aभारतीय शास्त्रज्ञ
942 _cBOOK
999 _c208798
_d208798